000
00245nam a2200097Ia 4500
008
220204s9999 xx 000 0 und d
082
_a
677.181:645.12
_b
COI
245
0
_a
Coir mat: Commodity note
260
_a
Cochin
_b
Coir board
_c
1969
942
_c
BK
999
_c
22327
_d
22327